000 00238nam a2200097Ia 4500
008 231212s1967 xx 000 0 und d
041 _aeng
100 _aKuo B.C.
245 _aAutomatic Control Syste
260 _amsNew Delhi
_bAffilat
_c1967
999 _c958730
_d958730